Strategic management : concepts and cases
| Main Author: | |
|---|---|
| Other Authors: | |
| Format: | Book |
| Published: |
Homewood, Illinois :
BP Irwin ,
1987
|
| Edition: | 4th. ed. |
| Subjects: |
MARC
| LEADER | 00000cam a2200000 7i4500 | ||
|---|---|---|---|
| 001 | 0000003833 | ||
| 005 | 20050505.0 | ||
| 020 | |a 0256037175 | ||
| 040 | |a INS | ||
| 090 | 0 | 0 | |a HD30.28. |b T53 1987 |
| 100 | 1 | |a Thompson, Arthur A. | |
| 245 | 1 | 0 | |a Strategic management : |b concepts and cases |c Arthur A. Thompson |
| 250 | |a 4th. ed. | ||
| 260 | |a Homewood, Illinois : |b BP Irwin , |c 1987 | ||
| 650 | 0 | 0 | |a Corporate planning |
| 650 | 0 | 0 | |a Management |
| 700 | 1 | |a Strickland, J. | |
| 999 | |a 0000004429 |b BOOK |c Open Shelf |e Default branch | ||